Catálogo público

El minifundio en la agricultura mexicana (Record no. 14464)

MARC details
000 -CABECERA
campo de control de longitud fija 01103cam a22003377a 4500
003 - IDENTIFICADOR DEL NÚMERO DE CONTROL
campo de control CHAP
005 - FECHA Y HORA DE LA ÚLTIMA TRANSACCIÓN
campo de control 20220329134033.0
008 - DATOS DE LONGITUD FIJA--INFORMACIÓN GENERAL
campo de control de longitud fija 971013s1976 r 00010 d
010 ## - NÚMERO DE CONTROL DE LA BIBLIOTECA DEL CONGRESO
Número de control de LC 14464
011 ## - ENLACE DEL NUMERO DE CONTROL DE LA BIBLIOTECA DEL CONGRESO [OBSOLETO]
Número de control de LC 15436
035 ## - NÚMERO DE CONTROL DEL SISTEMA
Número de control de sistema 19512
040 ## - FUENTE DE LA CATALOGACIÓN
Centro/agencia transcriptor CHAP
090 ## - LOCALMENTE ASIGNADO TIPO-LC NÚMERO DE CLASIFICACIÓN (OCLC); NÚMERO DE CLASIFICACIÓN LOCAL (RLIN)
Número de clasificación (OCLC) (R) ; Numero de clasificación, CALL (RLIN) (NR) Tesis
100 00 - ENTRADA PRINCIPAL--NOMBRE DE PERSONA
Nombre de persona Hernández Herrera, Francisco Javier.
9 (RLIN) 54170
245 13 - MENCIÓN DE TÍTULO
Título El minifundio en la agricultura mexicana
260 ## - PUBLICACIÓN, DISTRIBUCIÓN, ETC.
Lugar de publicación, distribución, etc. Chapingo, Méx. :
Nombre del editor, distribuidor, etc. El Autor,
Fecha de publicación, distribución, etc. 1976
300 ## - DESCRIPCIÓN FÍSICA
Extensión 132 h.
502 ## - NOTA DE TESIS
Nota de tesis Tesis (M. en C. Esp. en Economía Agrícola) -- ENA. Colegio de Postgraduados
590 ## - NOTA LOCAL (RLIN)
Nota local ALEPH
Procedencia (VM) [OBSOLETO] 10
Condición del los carretes individuales (VM) [OBSOLETO] 20130110
-- UCH01
-- 1236
590 ## - NOTA LOCAL (RLIN)
Nota local BATCH-UPD
Procedencia (VM) [OBSOLETO] 10
Condición del los carretes individuales (VM) [OBSOLETO] 20130110
-- UCH01
-- 0952
590 ## - NOTA LOCAL (RLIN)
Nota local BATCH-UPD
Procedencia (VM) [OBSOLETO] 10
Condición del los carretes individuales (VM) [OBSOLETO] 20130410
-- UCH01
-- 0606
590 ## - NOTA LOCAL (RLIN)
Nota local BATCH-UPD
Procedencia (VM) [OBSOLETO] 10
Condición del los carretes individuales (VM) [OBSOLETO] 20130914
-- UCH01
-- 1901
590 ## - NOTA LOCAL (RLIN)
Nota local CONVERSION
Procedencia (VM) [OBSOLETO] 10
Condición del los carretes individuales (VM) [OBSOLETO] 20130109
-- UCH01
-- 1309
650 14 - PUNTO DE ACCESO ADICIONAL DE MATERIA--TÉRMINO DE MATERIA
Término de materia o nombre geográfico como elemento de entrada Reforma agraria
Subdivisión geográfica México.
9 (RLIN) 95596
650 14 - PUNTO DE ACCESO ADICIONAL DE MATERIA--TÉRMINO DE MATERIA
Término de materia o nombre geográfico como elemento de entrada Tierras
Subdivisión general Tenencia
Subdivisión geográfica México.
9 (RLIN) 113215
901 ## - ELEMENTOS DE DATOS A LOCAL LDA (RLIN)
a BK
942 ## - ELEMENTOS DE PUNTO DE ACCESO ADICIONAL (KOHA)
Tipo de ítem Koha Folleto
949 ## - PROCESAMIENTO DE INFORMACIÓN LOCAL (OCLC)
b BC
c TES
d -45410
e TS1
i 19512
s i
949 ## - PROCESAMIENTO DE INFORMACIÓN LOCAL (OCLC)
b BC
c TES
d -45411
e TS2
f c.2
i 19512
s i
949 ## - PROCESAMIENTO DE INFORMACIÓN LOCAL (OCLC)
b BC
c TES
d -45412
e TS2
f c.3
i 19512
s i
Holdings
Estado de retiro Estado de pérdida Fuente del sistema de clasificación o colocación Estado dañado Restricciones de uso No para préstamo Código de colección Localización permanente Ubicación/localización actual Ubicación en estantería Fecha de adquisición Información codificada de la localización en otra ubicación Total de préstamos Signatura topográfica completa Código de barras Fecha visto por última vez Número de copia Precio válido a partir de Tipo de ítem Koha
    Clasificación Universidad Autónoma de Chapingo   Préstamo 3 días   Tesis Biblioteca Central Biblioteca Central Planta alta - Área de Tesis - Tesis 17/12/2012 TESIS   Tesis -45411 31/12/2019 c.2 31/12/2019 Tesis
    Clasificación Universidad Autónoma de Chapingo   Préstamo 3 días   Tesis Biblioteca Central Biblioteca Central Planta alta - Área de Tesis - Tesis 17/12/2012 TESIS   Tesis -45412 31/12/2019 c.3 31/12/2019 Tesis
    Clasificación Universidad Autónoma de Chapingo   Préstamo interno Excluido de préstamo Tesis Biblioteca Central Biblioteca Central Planta alta - Área de Tesis - Tesis 17/12/2012 TESIS   Tesis -45410 31/12/2019   31/12/2019 Tesis